Statistics for Africa Population Quiz

Click here to take the quiz!

General Stats

  • This quiz has been taken 12 times
  • The average score is 6 of 15

Answer Stats

QuestionAnswer% Correct
Which Country Has More People?Ethiopia
90%
Which Country Has More People?Nigeria
90%
Which Country Has More People?Angola
60%
Which Country Has More People?South Sudan
60%
Which Country Has More People?DRC
50%
Which Country Has More People?Ghana
40%
Which Country Has More People?Uganda
40%
Which Country Has More People?Libya
30%
Which Country Has More People?Sudan
30%
Which Country Has More People?Togo
30%
Which Country Has More People?Comoros
20%
Which Country Has More People?Benin
10%
Which Country Has More People?Mozambique
10%
Which Country Has More People?Zambia
10%
Which Country Has More People?Lesotho
0%

Score Distribution

Percentile by Number Answered

Percent of People with Each Score

Your Score History

You have not taken this quiz